| 000 | 00438nam a2200145Ia 4500 | ||
|---|---|---|---|
| 008 | 220216s9999 xx 000 0 und d | ||
| 100 | _aIbarra-Gomez Rigoberto | ||
| 245 | 0 | _aDynamical mechanical analysis of conductive BR/EPDM/CB blends | |
| 260 |
_bRubber Chemistry and Technology _c2004 |
||
| 300 | _a947-954 | ||
| 650 | _aDynamical mechanical analysis | ||
| 700 | _aMarquez Alfredo | ||
| 700 | _aMendoza-Duarte Monica | ||
| 942 | _cJS | ||
| 999 |
_c57480 _d57480 |
||